[Event "Liberec op 16th"]
[Site "Liberec"]
[Date "2016.02.18"]
[Round "7"]
[White "Brauer, Christian E"]
[Black "Paldus, Petr"]
[Result "1/2-1/2"]
[WhiteElo "2096"]
[BlackElo "1999"]
[PlyCount "58"]
[EventDate "2016.02.13"]
[EventType "swiss"]
[EventRounds "9"]
[EventCountry "CZE"]
[SourceTitle "CBM 170 Extra"]
[Source "ChessBase"]
[SourceDate "2016.02.25"]
[SourceVersion "1"]
[SourceVersionDate "2016.02.25"]
[SourceQuality "1"]

1. c4 e5 2. g3 f5 3. Bg2 Nf6 4. Nc3 Nc6 5. d3 Be7 6. e3 0-0 7. Nge2 d6 8. 0-0 Be6 9. Nd5 Qd7 10. Nec3 Nd8 11. b3 Nxd5 12. Nxd5 Bg5 13. f4 Bh6 14. Ba3 c6 15. Nc3 g6 16. Qd2 Bg7 17. Rad1 Re8 18. d4 exd4 19. exd4 Bf7 20. d5 c5 21. Bb2 b6 22. Nb1 Bxb2 23. Qxb2 Nb7 24. Rfe1 Rxe1+ 25. Rxe1 Re8 26. Qd2 Rxe1+ 27. Qxe1 Qe8 28. Kf2 Qxe1+ 29. Kxe1 Be8 1/2-1/2

[Event "Liberec op 14th"]
[Site "Liberec"]
[Date "2013.11.02"]
[Round "9"]
[White "Brauer, Christian E"]
[Black "Machan, Jan"]
[Result "0-1"]
[WhiteElo "2123"]
[BlackElo "2163"]
[PlyCount "78"]
[EventDate "2013.10.26"]
[EventType "swiss"]
[EventRounds "9"]
[EventCountry "CZE"]
[SourceTitle "EXT 2014"]
[Source "ChessBase"]
[SourceDate "2013.11.20"]
[SourceVersion "1"]
[SourceVersionDate "2013.11.20"]
[SourceQuality "1"]

1. c4 Nf6 2. g3 g6 3. Bg2 d5 4. cxd5 Nxd5 5. Qa4+ c6 6. Qd4 f6 7. Nf3 Bg7 8. Nc3 e5 9. Qc4 Be6 10. Nxd5 cxd5 11. Qb4 Qd7 12. d3 Nc6 13. Qa3 Kf7 14. h4 Rhd8 15. 0-0 b5 16. Rd1 a5 17. Qc5 Nb4 18. a3 Bf8 19. Qc3 d4 20. Qd2 Nc6 21. e3 Ra6 22. exd4 Nxd4 23. Nxd4 Qxd4 24. Qc3 Qxc3 25. bxc3 Rad6 26. d4 exd4 27. Bf4 dxc3 28. Bxd6 Rxd6 29. Rdc1 b4 30. axb4 axb4 31. Ra7+ Rd7 32. Rxd7+ Bxd7 33. Be4 Be6 34. Bd3 f5 35. Bc2 Ba2 36. Kf1 Bg7 37. Ke2 b3 38. Bd3 b2 39. Re1 Bb3 0-1

[Event "Liberec op 14th"]
[Site "Liberec"]
[Date "2013.10.31"]
[Round "7"]
[White "Brauer, Christian E"]
[Black "Zdrazil, Bohumir"]
[Result "1-0"]
[WhiteElo "2123"]
[BlackElo "1873"]
[PlyCount "109"]
[EventDate "2013.10.26"]
[EventType "swiss"]
[EventRounds "9"]
[EventCountry "CZE"]
[SourceTitle "EXT 2014"]
[Source "ChessBase"]
[SourceDate "2013.11.20"]
[SourceVersion "1"]
[SourceVersionDate "2013.11.20"]
[SourceQuality "1"]

1. c4 c6 2. Nf3 d5 3. g3 Nf6 4. Bg2 e6 5. b3 Nbd7 6. Bb2 Be7 7. 0-0 0-0 8. d3 dxc4 9. bxc4 Qc7 10. Nbd2 e5 11. Qc2 Re8 12. Rab1 Bf8 13. Bc3 Nc5 14. Nb3 Nxb3 15. Qxb3 Nd7 16. Nd2 Nc5 17. Qc2 Bf5 18. Nb3 Nxb3 19. Qxb3 Rab8 20. a4 b6 21. Qc2 a6 22. Rfc1 Rec8 23. Qd2 f6 24. Qa2 Kh8 25. Bd2 c5 26. Rb3 Be6 27. Qb2 Bd7 28. Rb1 Bxa4 29. Rxb6 Rxb6 30. Qxb6 Bc6 31. Qxa6 Bxg2 32. Kxg2 Qd8 33. Be3 Qe8 34. Qb7 Qc6+ 35. Qxc6 Rxc6 36. Kf3 Rc7 37. Ke4 Kg8 38. Rb5 Kf7 39. Kd5 Rd7+ 40. Kc6 Rd6+ 41. Kc7 Ra6 42. Bxc5 Bxc5 43. Rxc5 Ra2 44. Kd7 Rxe2 45. Rd5 e4 46. dxe4 Rxe4 47. c5 Re7+ 48. Kc6 Re2 49. Rd7+ Kg6 50. Rd3 Kf7 51. Kc7 Rc2 52. c6 Rxf2 53. Kd7 Re2 54. c7 Re7+ 55. Kc6 1-0

[Event "Dresden ZMD op-A 21st"]
[Site "Dresden"]
[Date "2012.08.18"]
[Round "1"]
[White "Zeberski, Jakub"]
[Black "Brauer, Christian E"]
[Result "1-0"]
[WhiteElo "2295"]
[BlackElo "2009"]
[PlyCount "59"]
[EventDate "2012.08.18"]
[EventType "swiss"]
[EventRounds "9"]
[EventCountry "GER"]
[SourceTitle "CBM 150 Extra"]
[Source "ChessBase"]
[SourceDate "2012.10.19"]
[SourceVersion "1"]
[SourceVersionDate "2012.10.19"]
[SourceQuality "1"]

1. e4 e6 2. d4 d5 3. e5 c5 4. c3 Qb6 5. Nf3 Bd7 6. a3 Bb5 7. b4 cxd4 8. Bxb5+ Qxb5 9. cxd4 a5 10. Nc3 Qc6 11. Bd2 axb4 12. axb4 Rxa1 13. Qxa1 Qa6 14. Qa4+ Nd7 15. b5 Qxa4 16. Nxa4 Be7 17. Ke2 Bd8 18. Nc5 Nxc5 19. dxc5 Ne7 20. Ra1 Kd7 21. Ra7 Kc8 22. Ra8+ Kd7 23. Nd4 Rg8 24. Ra7 Kc8 25. Ra8+ Kd7 26. Bb4 Bc7 27. Ra7 Rb8 28. c6+ Ke8 29. Bxe7 Kxe7 30. cxb7 1-0

[Event "Niedersachsen-ch Seniors op 14th"]
[Site "Bad Bevensen"]
[Date "2011.07.11"]
[Round "7"]
[White "Brauer, Christian E"]
[Black "Baum, Bernd"]
[Result "0-1"]
[WhiteElo "2015"]
[BlackElo "2207"]
[PlyCount "96"]
[EventDate "2011.07.05"]
[EventType "swiss"]
[EventRounds "9"]
[EventCountry "GER"]
[SourceTitle "EXT 2012"]
[Source "ChessBase"]
[SourceDate "2011.11.24"]
[SourceVersion "1"]
[SourceVersionDate "2011.11.24"]
[SourceQuality "1"]

1. d4 Nf6 2. Nf3 d5 3. Bf4 c5 4. e3 Qb6 5. Nc3 c4 6. Rb1 e6 7. a3 Bd7 8. Be2 Bd6 9. Ne5 0-0 10. 0-0 Qc7 11. Bg3 Bc6 12. f4 Nbd7 13. Bh4 Ne8 14. e4 f6 15. Nxd7 Qxd7 16. e5 Be7 17. Qd2 Nc7 18. Bf2 Kh8 19. Be3 Qd8 20. Rf3 Be8 21. Rbf1 Bg6 22. Rh3 b5 23. Nd1 a5 24. Bh5 Bxh5 25. Rxh5 Qe8 26. Rh3 b4 27. Qf2 f5 28. Bc1 Rc8 29. axb4 axb4 30. c3 Nb5 31. Kh1 Qf7 32. cxb4 Bxb4 33. Bd2 Be7 34. Nc3 Nxd4 35. Nxd5 exd5 36. Qxd4 Bc5 37. Qc3 d4 38. Qa5 Qb7 39. Qa2 Be7 40. Bc1 Rc6 41. Rd1 Rd8 42. Rf3 g6 43. h3 Rc7 44. Qa5 Qc6 45. Qe1 Kg7 46. Kh2 Ra7 47. Bd2 Ra2 48. Bb4 Rxb2 0-1

[Event "Niedersachsen-ch Seniors op 14th"]
[Site "Bad Bevensen"]
[Date "2011.07.08"]
[Round "4"]
[White "Micheel, Peter"]
[Black "Brauer, Christian E"]
[Result "0-1"]
[WhiteElo "1771"]
[BlackElo "2015"]
[PlyCount "108"]
[EventDate "2011.07.05"]
[EventType "swiss"]
[EventRounds "9"]
[EventCountry "GER"]
[SourceTitle "EXT 2012"]
[Source "ChessBase"]
[SourceDate "2011.11.24"]
[SourceVersion "1"]
[SourceVersionDate "2011.11.24"]
[SourceQuality "1"]

1. e4 d6 2. d4 Nf6 3. Nc3 Nbd7 4. Nf3 e5 5. Bc4 Be7 6. Bxf7+ Kxf7 7. Ng5+ Kg8 8. Ne6 Qe8 9. Nxc7 Qg6 10. 0-0 Rb8 11. N3d5 Bf8 12. f3 Nxd5 13. Nxd5 Nf6 14. dxe5 dxe5 15. Nxf6+ Qxf6 16. f4 Be6 17. fxe5 Qxe5 18. Bf4 Qc5+ 19. Kh1 Re8 20. c3 h5 21. Rf3 Qc4 22. Qd3 Qxd3 23. Rxd3 g6 24. Rad1 Rh7 25. h3 Rf7 26. Bg5 Bxa2 27. Rd8 Rxd8 28. Rxd8 Kg7 29. Be3 b6 30. Bd4+ Kh7 31. Re8 g5 32. e5 Rf1+ 33. Kh2 Kg6 34. Ra8 Rf7 35. Bxb6 axb6 36. Rxa2 Bc5 37. b4 Be3 38. Re2 Bc1 39. g3 Re7 40. c4 Ba3 41. c5 bxc5 42. bxc5 Bxc5 43. h4 g4 44. Ra2 Rxe5 45. Ra6+ Kf5 46. Rh6 Ke4 47. Kg2 Bd4 48. Rf6 Ra5 49. Re6+ Be5 50. Re8 Ra2+ 51. Kf1 Kf3 52. Rf8+ Kxg3 53. Rf5 Bf4 54. Rxh5 Kf3 0-1

[Event "Niedersachsen-ch Seniors op 14th"]
[Site "Bad Bevensen"]
[Date "2011.07.06"]
[Round "2"]
[White "Kluger, Hans Peter"]
[Black "Brauer, Christian E"]
[Result "0-1"]
[WhiteElo "1751"]
[BlackElo "2015"]
[PlyCount "86"]
[EventDate "2011.07.05"]
[EventType "swiss"]
[EventRounds "9"]
[EventCountry "GER"]
[SourceTitle "EXT 2012"]
[Source "ChessBase"]
[SourceDate "2011.11.24"]
[SourceVersion "1"]
[SourceVersionDate "2011.11.24"]
[SourceQuality "1"]

1. e4 d6 2. Nf3 Nf6 3. d3 e5 4. h3 Be7 5. Be2 c5 6. Bd2 Nc6 7. Na3 0-0 8. 0-0 Rb8 9. c4 a6 10. Nc2 b5 11. Ne3 Bd7 12. Qc1 Nh5 13. Nd5 Nf6 14. Nxe7+ Qxe7 15. Bg5 h6 16. Bh4 Qe6 17. b3 Nh7 18. Rb1 f5 19. exf5 Qxf5 20. Qd2 g5 21. g4 Qf6 22. Bg3 Rf7 23. Kh2 Nf8 24. Ng1 Nd4 25. Bd1 Bc6 26. f4 exf4 27. Bf2 Nfe6 28. Bxd4 Nxd4 29. Bf3 Re7 30. Bxc6 Nxc6 31. Rbe1 Rbe8 32. Rxe7 Qxe7 33. Nf3 Qe3 34. Qc3 Nd4 35. Kg2 b4 36. Qd2 Nxf3 37. Qxe3 Nh4+ 38. Kh2 Rxe3 39. Rd1 Kf7 40. a3 a5 41. axb4 axb4 42. Ra1 Rxd3 43. Rb1 Nf3+ 0-1

[Event "GER-ch Seniors 22nd"]
[Site "Berlin"]
[Date "2010.08.21"]
[Round "6"]
[White "Brauer, Christian E"]
[Black "Scheide, Helmut"]
[Result "1-0"]
[WhiteElo "1994"]
[BlackElo "1824"]
[PlyCount "85"]
[EventDate "2010.08.16"]
[EventType "swiss"]
[EventRounds "9"]
[EventCountry "GER"]
[SourceTitle "CBM 138 Extra"]
[Source "ChessBase"]
[SourceDate "2010.10.29"]
[SourceVersion "1"]
[SourceVersionDate "2010.10.29"]
[SourceQuality "1"]

1. c4 Nf6 2. g3 e6 3. Bg2 d5 4. Nf3 c6 5. b3 Nbd7 6. Bb2 Be7 7. 0-0 0-0 8. d3 b6 9. Nbd2 Bb7 10. e4 c5 11. Qe2 g6 12. Rae1 Re8 13. h3 Nh5 14. e5 Ng7 15. Kh2 d4 16. Nh4 Bxg2 17. Nxg2 f6 18. exf6 Bxf6 19. Nf4 Be5 20. Ng2 Bc7 21. Bc1 Ne5 22. Ne4 Rf8 23. f4 Nf7 24. Nh4 Nh6 25. Ng5 Qd6 26. Nhf3 Rae8 27. Ne5 Nhf5 28. g4 Ne7 29. Qg2 Qd8 30. Kg1 Nc8 31. Qc6 Nd6 32. Nd7 Rf7 33. Nxf7 Kxf7 34. Ne5+ Kg8 35. Qg2 b5 36. Re2 Qb8 37. Nd7 Qd8 38. Nxc5 bxc4 39. bxc4 Bb6 40. Ne4 Nxc4 41. dxc4 d3+ 42. Ref2 Bxf2+ 43. Qxf2 1-0

[Event "Liberec op 10th"]
[Site "Liberec"]
[Date "2009.10.25"]
[Round "2"]
[White "Zeberski, Jakub"]
[Black "Brauer, Christian E"]
[Result "1-0"]
[WhiteElo "2400"]
[BlackElo "2112"]
[PlyCount "81"]
[EventDate "2009.10.24"]
[EventType "swiss"]
[EventRounds "9"]
[EventCountry "CZE"]
[SourceTitle "EXT 2010"]
[Source "ChessBase"]
[SourceDate "2010.11.25"]
[SourceVersion "1"]
[SourceVersionDate "2010.11.25"]
[SourceQuality "1"]

1. e4 e5 2. Nf3 Nf6 3. Nc3 Nc6 4. g3 d6 5. Bg2 Be7 6. 0-0 0-0 7. h3 h6 8. d4 exd4 9. Nxd4 Nxd4 10. Qxd4 Be6 11. Be3 c6 12. f4 Qc7 13. Qd2 Rad8 14. Qf2 b6 15. Rad1 Bc4 16. Rfe1 Ba6 17. g4 Nh7 18. h4 f6 19. a4 Rfe8 20. Bf3 Nf8 21. Qg3 Nd7 22. Kg2 Bf8 23. g5 Kh8 24. Kh1 fxg5 25. hxg5 hxg5 26. f5 Ne5 27. Bh5 g6 28. fxg6 Qg7 29. Bxg5 Be7 30. Rd2 Bxg5 31. Qxg5 Rd7 32. Nd1 Rf8 33. Rh2 Kg8 34. Ne3 Qf6 35. Qg2 Qf4 36. Bg4 Nxg4 37. Qxg4 Qxg4 38. Nxg4 Rf4 39. Rh4 Rf3 40. Kg2 Rf8 41. Reh1 1-0

[Event "Oberliga Ost-A 0809"]
[Site "Germany"]
[Date "2009.03.15"]
[Round "9.5"]
[White "Boehm, Robert"]
[Black "Brauer, Christian E"]
[Result "1/2-1/2"]
[WhiteElo "2117"]
[BlackElo "2131"]
[PlyCount "116"]
[EventDate "2008.10.12"]
[EventType "team-tourn"]
[EventRounds "11"]
[EventCountry "GER"]
[SourceTitle "EXT 2010"]
[Source "ChessBase"]
[SourceDate "2010.11.25"]
[SourceVersion "1"]
[SourceVersionDate "2010.11.25"]
[SourceQuality "1"]
[WhiteTeam "Hoyerswerda"]
[BlackTeam "Ebersbach"]
[WhiteTeamCountry "GER"]
[BlackTeamCountry "GER"]

1. d4 d5 2. Nf3 Nf6 3. c4 c6 4. e3 Bg4 5. Qb3 Qc7 6. Ne5 e6 7. Nxg4 Nxg4 8. h3 Nf6 9. Nc3 Nbd7 10. Bd2 Be7 11. Rc1 Qb6 12. Be2 0-0 13. 0-0 Qxb3 14. axb3 a6 15. f4 c5 16. Bf3 cxd4 17. exd4 Nb6 18. c5 Nc8 19. Rfe1 Nd7 20. b4 Bf6 21. Be3 Na7 22. Red1 Nc6 23. Na2 g6 24. Rc3 Na7 25. Rb3 Nb8 26. Be2 Nbc6 27. Nc3 Rfb8 28. b5 axb5 29. Nxb5 Nxb5 30. Bxb5 Ne7 31. g4 Ra7 32. Ra3 Rba8 33. Rda1 Nc8 34. Bd7 Rxa3 35. Rxa3 Rxa3 36. bxa3 Na7 37. Kf1 Kf8 38. Ke2 Ke7 39. Ba4 Kd8 40. Kd3 Nc6 41. Bb3 Kc7 42. f5 gxf5 43. gxf5 b6 44. cxb6+ Kxb6 45. Bd1 exf5 46. Bh5 Nd8 47. Bd2 Kb5 48. Bf3 Be7 49. Bxd5 Bxa3 50. Bc4+ Kc6 51. d5+ Kd6 52. Bf4+ Ke7 53. Ba6 Bd6 54. Ke3 Bc5+ 55. Kf3 Bd6 56. Bc8 Bxf4 57. Kxf4 Kd6 58. Bxf5 Kxd5 1/2-1/2

[Event "Oberliga Ost-A 0809"]
[Site "Germany"]
[Date "2009.01.18"]
[Round "5.5"]
[White "Brauer, Christian E"]
[Black "Duchrow, Oliver"]
[Result "1-0"]
[WhiteElo "2131"]
[BlackElo "2158"]
[PlyCount "117"]
[EventDate "2008.10.12"]
[EventType "team-tourn"]
[EventRounds "11"]
[EventCountry "GER"]
[SourceTitle "EXT 2010"]
[Source "ChessBase"]
[SourceDate "2010.11.25"]
[SourceVersion "1"]
[SourceVersionDate "2010.11.25"]
[SourceQuality "1"]
[WhiteTeam "Ebersbach"]
[BlackTeam "Sangerhausen"]
[WhiteTeamCountry "GER"]
[BlackTeamCountry "GER"]

1. d4 f5 2. Nc3 d6 3. e4 Nf6 4. Bd3 e6 5. Nf3 g6 6. exf5 exf5 7. 0-0 Be7 8. Bh6 d5 9. Re1 Ne4 10. Ne5 Be6 11. f3 Nxc3 12. bxc3 Bd6 13. f4 Bxe5 14. Rxe5 Kf7 15. Qe1 Re8 16. Bg5 Qd7 17. Qh4 Kg8 18. Rb1 b6 19. Rbe1 a6 20. R5e3 Qf7 21. R1e2 Nc6 22. Qe1 Bd7 23. Rxe8+ Rxe8 24. Bxa6 Na5 25. Rxe8+ Bxe8 26. Bd8 Qd7 27. Bxc7 Qxc7 28. Qxe8+ Kg7 29. Qe5+ Qxe5 30. fxe5 Kf7 31. Kf2 g5 32. Bd3 Ke6 33. g4 f4 34. Bxh7 Nc4 35. Bg8+ Ke7 36. Bxd5 Ne3 37. Bf3 Nxc2 38. Ke2 Ne3 39. Kd3 Ke6 40. c4 Nf1 41. Bd5+ Ke7 42. h3 Ne3 43. a4 Kd7 44. Ke4 Ke7 45. h4 gxh4 46. Kxf4 Nc2 47. g5 Nxd4 48. Kg4 Nb3 49. Kxh4 Nc5 50. g6 Kf8 51. e6 Nxa4 52. e7+ Kxe7 53. g7 Kd6 54. g8Q Kc5 55. Qf8+ Kd4 56. Qb4 Nc3 57. Qxb6+ Ke5 58. Qb2 Kd4 59. Qd2+ 1-0

[Event "Oberliga Ost-A 0809"]
[Site "Germany"]
[Date "2008.12.14"]
[Round "4.5"]
[White "Zipfel, Frank"]
[Black "Brauer, Christian E"]
[Result "0-1"]
[WhiteElo "2178"]
[BlackElo "2131"]
[PlyCount "70"]
[EventDate "2008.10.12"]
[EventType "team-tourn"]
[EventRounds "11"]
[EventCountry "GER"]
[SourceTitle "EXT 2010"]
[Source "ChessBase"]
[SourceDate "2010.11.25"]
[SourceVersion "1"]
[SourceVersionDate "2010.11.25"]
[SourceQuality "1"]
[WhiteTeam "Jena Jenapharm"]
[BlackTeam "Ebersbach"]
[WhiteTeamCountry "GER"]
[BlackTeamCountry "GER"]

1. Nf3 d5 2. g3 c5 3. Bg2 Nc6 4. 0-0 e6 5. d3 Bd6 6. e4 Nge7 7. Re1 Qc7 8. Nc3 0-0 9. Nb5 Qb8 10. Nxd6 Qxd6 11. e5 Qc7 12. h4 b5 13. h5 a5 14. Bf4 b4 15. Nd2 Kh8 16. h6 Ng6 17. hxg7+ Kxg7 18. Qg4 h6 19. Nf3 Nce7 20. Nh4 Kh7 21. Bd2 Nxh4 22. Qxh4 Ng8 23. Be4+ dxe4 24. Qxe4+ Kg7 25. Qg4+ Kh8 26. Qh5 f5 27. exf6 Rxf6 28. Bf4 Qf7 29. Qxc5 Rf5 30. Be5+ Kh7 31. g4 Rg5 32. Qc4 Bb7 33. Re3 Rc8 34. Qd4 Rxc2 35. Rg3 Rxe5 0-1